Lok Sahitya ka Bhumika (Record no. 5504)

MARC details
000 -LEADER
fixed length control field 00296nam a22001217a 4500
005 - DATE AND TIME OF LATEST TRANSACTION
control field 20170724124721.0
008 - FIXED-LENGTH DATA ELEMENTS--GENERAL INFORMATION
fixed length control field 170724b xxu||||| |||| 00| 0 eng d
041 ## - LANGUAGE CODE
Language code of text/sound track or separate title eng
100 ## - MAIN ENTRY--AUTHOR NAME
Personal name Updhya,Dr Krishnadev
245 ## - TITLE STATEMENT
Title Lok Sahitya ka Bhumika
260 ## - PUBLICATION, DISTRIBUTION, ETC. (IMPRINT)
Place of publication Allhabad
Name of publisher Sahitya Bhwan
942 ## - ADDED ENTRY ELEMENTS (KOHA)
Koha item type Books
Holdings
Lost status Damaged status Collection code Home library Current library Shelving location Date acquired Source of acquisition Accession Number Koha item type
    LIFE SKILL JRU Library JRU Library SHELF-45-K 24/07/2017 Purchase 19449 Books